00536nam a2200169Ia 4500003000900000008004100009020001800050040001600068080001600084110002800100245012200128250001300250260004400263300001100307650002900318650001900347IN-BaIIA211028s9999 xx 000 0 eng d a0-85229-413-1 cIIA Library a031bEBR-13 aEncyclopedia Britannica 4aThe New Encyclopaedia Britannica in 30 volumes : Macropaediabvol. XIII, Knowledge in Dept.hcEncyclopedia Britannica a15th ed. aChicagobEncyclopaedia Britannicac1984 a1110p. aEncyclopedia-Macropaedia aNASA Thesaurus